000 00414nam a2200169Ia 4500
008 180921t2019 xxu||||| |||| 00| 1 sin d
041 _asin
080 _aX8C31
_bPIG
100 _aPigera, Jasath S.
245 _aකිණිහිර මත
246 _aKinihira Matha
260 _bGodage
_aColombo
_c2019
300 _a280p., 21cm
942 _cBK
999 _c7820
_d7820
003 LK-CoDNM
040 _aLK-CoDNM
_dLK-CoDNM
_eLK-CoDNM